MARC

LEADER 00000nam0a2200000 4500
001 191523
005 20231031180728.0
010 |a 5230029196 
035 |a (RuTPU)RU\TPU\book\208840 
090 |a 191523 
100 |a 20110206d1990 m y0rusy50 ca 
101 0 |a rus 
102 |a RU 
105 |a a j 001zy 
200 1 |a Технологические измерения на АЭС  |e учебное пособие  |f С. М. Дмитриев  |g Горьковский политехнический институт имени А. А. Жданова (ГПИ) 
210 |a Горький  |c Изд-во ГПИ  |d 1990 
215 |a 88 с.  |c ил. 
320 |a Библиогр.: с. 88. 
610 1 |a АЭС 
610 1 |a атомные электрические станции 
610 1 |a технологические измерения 
610 1 |a схемы 
610 1 |a метрологические характеристики 
610 1 |a теплотехнический контроль 
610 1 |a диагностика 
610 1 |a аномалии 
610 1 |a основное оборудование 
610 1 |a эксплуатация 
675 |a 621.311.25:621.039(075.8)  |v 3 
700 1 |a Дмитриев  |b С. М.  |g Сергей Михайлович 
712 0 2 |a Горьковский политехнический институт имени А. А. Жданова (ГПИ)  |c (1950-1990)  |2 stltpush  |3 (RuTPU)RU\TPU\col\2321 
801 1 |a RU  |b 63413507  |c 20110206 
801 2 |a RU  |b 63413507  |c 20111010  |g RCR 
942 |c BK